LEADER 01361nam a2200229 i 4500 001 000000045453 003 CaOOAMICUS 005 20121023000000.0 008 121023s1779 it u000 u ita u 013 $a16623 026 $at-n- iuu- noon (ade (3) 1779 (A) 040 $aSeMil$bita 100 1 $aChanteresme, Nicole : de <1625-1695>.$0(OLS)http://semarc/name/12459 245 13$aLa perpetuità della fede della chiesa cattolica rapporto all'eucaristia, con la confutazione dello scritto d'un ministro contro di questo trattato. Divisa in tre parti. Opera del fù sig. di Chanteresme. Ora per la prima volta tradotta dal francese. 260 $aIn Venezia :$bpresso Lorenzo Baseggio,$c1779. 300 $a382, [2] p. ;$c12º. 500 $aSegn.: A-Q12. - Fregio xilogr. sul front. 650 4$aEucaristia - Teologia - Testi.$0(OLS)http://semarc/subject/5695 850 $aSeMil 852 $aSeMil$W1$xVenegono$y1$m2A II 51 FA$j11608$B11608$CSeMilBibl$Z2$F11608 $8I 996 $6245$aLa perpetuità della fede della chiesa cattolica rapporto all'eucaristia, con la confutazione dello scritto d'un ministro contro di questo trattato. Divisa in tre parti. Opera del fù sig. di Chanteresme. Ora per la prima volta tradotta dal francese$9(OLS)http://semarc/title/67575 996 $6260$aIn Venezia :$bpresso Lorenzo Baseggio$9(OLS)http://semarc/publisher/40685 LEADER 01249nam a2200277 i 4500 001 000000052392 003 CaOOAMICUS 005 20250110121024.0 008 970212s1995 it a u000 u ita u 020 $a887023214X 040 $aSeMil$bita 100 1 $aMajo, Angelo Giuseppe,$c.$0(OLS)http://semarc/name/3746 245 10$aStoria della Chiesa Ambrosiana :$bdalle origini ai nostri giorni /$cAngelo Majo. 264 1$aMilano :$bNED,$c1995. 300 $a914 p., 30 carte di tav. :$bill. ;$c22 cm 500 $aIn custodia 650 4$aMilano - Storia ecclesiastica.$0(OLS)http://semarc/subject/3337 650 4$aMilano (Arcidiocesi) - Storia - Origini-Sec.20.$0(OLS)http://semarc/subject/54822 850 $aSeMil 852 $aSeMil$W1$xVenegono$y1$mSL1.G VII 8$j18547$B18547$CSeMilBibl$Z2$F18548 $8I 852 $aSeMil$W1$xVenegono$y1$m3O III 216$j264775$B247501$CSeMilBibl$Z2$F247501 $81 961 $aOmaggio: Rimoldi mons. Antonio 996 $6020$a887023214X$9(OLS)http://semarc/number/26785 996 $6245$aStoria della Chiesa Ambrosiana :$bdalle origini ai nostri giorni$9(OLS)http://semarc/title/80390 996 $6264$aMilano :$bNED$9(OLS)http://semarc/publisher/30187